[Event "DVM U14w 2015"]
[Site "Magdeburg GER"]
[Date "2015.12.27"]
[Round "1"]
[White "Heinze, Vanessa"]
[Black "Schneider, Anna"]
[Result "0-1"]
[Termination "normal"]
[Board "4.4"]
[WhiteElo "737"]
[BlackElo "1033"]
[WhiteTeam "SC Ammersee"]
[BlackTeam "SF Sasbach"]
[PlyCount "74"]
[WhiteFideId "16208412"]
[BlackFideId "16200527"]
[EventCountry "GER"]
[EventRounds "7"]
[EventType "team-swiss"]
[EventDate "2015.12.26"]

1. e4 e5 2. Nf3 Nc6 3. Bc4 Bc5 4. Nc3 Nf6 5. d3 d6 6. h3 Bd7 7. Bg5 h6 8. Bh4
g5 9. Bg3 Rg8 10. Qd2 Qe7 11. O-O-O O-O-O 12. Nd5 Nxd5 13. Bxd5 Bb4 14. Qe3 Kb8
15. a3 Ba5 16. h4 Bb6 17. Qe2 Bg4 18. hxg5 Nd4 19. Qe3 Nb3+ 20. cxb3 Bxe3+ 21.
fxe3 hxg5 22. Rh7 Be6 23. Bxe6 Qxe6 24. Rd2 Qxb3 25. Rxf7 Qxf7 26. Rc2 g4 27.
Nd2 Rgf8 28. Kb1 d5 29. Bxe5 Rc8 30. g3 dxe4 31. Nxe4 Qe6 32. Bd4 Rf1+ 33. Rc1
Rcf8 34. Rxf1 Rxf1+ 35. Kc2 Qc6+ 36. Kd2 Qc1+ 37. Ke2 Qd1# 0-1

[Event "DVM U14w 2015"]
[Site "Magdeburg GER"]
[Date "2015.12.27"]
[Round "1"]
[White "Schneider, Xenia"]
[Black "Rosenhain, Rachela"]
[Result "0-1"]
[Termination "normal"]
[Board "5.1"]
[WhiteElo "1306"]
[BlackElo "1846"]
[WhiteTeam "SK Endingen"]
[BlackTeam "Schachpinguine Berlin"]
[PlyCount "74"]
[WhiteFideId "12911984"]
[BlackFideId "12957615"]
[EventCountry "GER"]
[EventRounds "7"]
[EventType "team-swiss"]
[EventDate "2015.12.26"]

1. e4 e5 2. Bc4 Nf6 3. d3 Nc6 4. Nf3 Be7 5. Be3 O-O 6. O-O d5 7. exd5 Nxd5 8.
Bxd5 Qxd5 9. Nc3 Qd8 10. h3 Be6 11. d4 exd4 12. Nxd4 Nxd4 13. Qxd4 Bf6 14. Qb4
b6 15. Ne4 Be7 16. Qc3 c5 17. Bf4 Qd5 18. Rfe1 f5 19. Ng5 Bxg5 20. Bxg5 Rae8
21. Bf4 Bc8 22. Red1 Qc6 23. Rd3 Rf6 24. Rg3 Rg6 25. Rxg6 Qxg6 26. Qg3 Qf6 27.
c3 Qe6 28. b3 Qd5 29. Be3 Bb7 30. c4 Qd7 31. a3 Re6 32. b4 Rg6 33. Qb8+ Kf7 34.
f3 Bxf3 35. Kf2 Rxg2+ 36. Kxf3 Qc6+ 37. Kf4 Qe4# 0-1

[Event "DVM U14w 2015"]
[Site "Magdeburg GER"]
[Date "2015.12.27"]
[Round "1"]
[White "Schnabel, Luise"]
[Black "Wagner, Lena"]
[Result "1-0"]
[Termination "normal"]
[Board "5.2"]
[WhiteElo "1599"]
[BlackElo "1057"]
[WhiteTeam "Schachpinguine Berlin"]
[BlackTeam "SK Endingen"]
[PlyCount "41"]
[WhiteFideId "12943347"]
[BlackFideId "12983470"]
[EventCountry "GER"]
[EventRounds "7"]
[EventType "team-swiss"]
[EventDate "2015.12.26"]

1. e4 c6 2. d4 d5 3. Nd2 dxe4 4. Nxe4 Bf5 5. Ng3 e6 6. Nxf5 exf5 7. Nf3 Nf6 8.
Bc4 c5 9. O-O Nc6 10. d5 Nb4 11. Bb5+ Nd7 12. Re1+ Be7 13. d6 a6 14. dxe7 Qc7
15. Bf4 Qc8 16. Bxd7+ Qxd7 17. Qxd7+ Kxd7 18. Rad1+ Ke8 19. Bc7 Nc6 20. Rd8+
Rxd8 21. exd8=Q# 1-0

[Event "DVM U14w 2015"]
[Site "Magdeburg GER"]
[Date "2015.12.27"]
[Round "1"]
[White "Reinbold, Sorah Marie"]
[Black "Grey, Andrea"]
[Result "0-1"]
[Termination "normal"]
[Board "5.3"]
[WhiteElo "917"]
[BlackElo "1364"]
[WhiteTeam "SK Endingen"]
[BlackTeam "Schachpinguine Berlin"]
[PlyCount "80"]
[WhiteFideId "12983497"]
[BlackFideId "12971880"]
[EventCountry "GER"]
[EventRounds "7"]
[EventType "team-swiss"]
[EventDate "2015.12.26"]

1. e4 c5 2. Bc4 Nc6 3. Nf3 g6 4. d4 cxd4 5. Nxd4 Bg7 6. Nxc6 bxc6 7. Nc3 d6 8.
O-O Nf6 9. h3 O-O 10. Re1 Bb7 11. Bf4 Nxe4 12. Bd2 Nxd2 13. Qxd2 e6 14. Rad1 d5
15. Be2 Qc8 16. Na4 Ba6 17. Bxa6 Qxa6 18. Nc5 Qxa2 19. b4 Qc4 20. Rc1 Qc3 21.
Red1 Qxd2 22. Rxd2 Bh6 23. Rdd1 Bxc1 24. Rxc1 Rfd8 25. Nb7 Rdb8 26. Nc5 Rxb4
27. Na6 Rb2 28. c4 d4 29. Nc5 a5 30. Ra1 Rc2 31. Na4 d3 32. Kf1 Rd8 33. Rb1 d2
34. Nb2 Rc1+ 35. Rxc1 dxc1=Q+ 36. Ke2 Qxb2+ 37. Kf3 Rd3+ 38. Kg4 f6 39. Kh4
Qxf2+ 40. Kg4 Rd4# 0-1

[Event "DVM U14w 2015"]
[Site "Magdeburg GER"]
[Date "2015.12.27"]
[Round "1"]
[White "Zhou, Lepu Coco"]
[Black "Henninger, Claire"]
[Result "0-1"]
[Termination "normal"]
[Board "5.4"]
[WhiteElo "1050"]
[BlackElo "747"]
[WhiteTeam "Schachpinguine Berlin"]
[BlackTeam "SK Endingen"]
[PlyCount "108"]
[WhiteFideId "16217136"]
[BlackFideId "16200659"]
[EventCountry "GER"]
[EventRounds "7"]
[EventType "team-swiss"]
[EventDate "2015.12.26"]

1. e4 c6 2. d4 d5 3. exd5 cxd5 4. Nf3 Nf6 5. Nc3 Bf5 6. Bf4 Nc6 7. Bd3 e6 8.
Bxf5 exf5 9. O-O Bd6 10. Bxd6 Qxd6 11. Re1+ Ne4 12. Nb5 Qd7 13. Nd2 O-O 14. f3
Ng5 15. Nb3 Nb4 16. Nc3 Rfe8 17. Nc5 Qc6 18. Rxe8+ Rxe8 19. Qd2 b6 20. Qxg5
bxc5 21. a3 Nxc2 22. Rc1 Nxd4 23. Qh4 g6 24. Re1 Rxe1+ 25. Qxe1 Ne6 26. Qe2 d4
27. Nb5 a6 28. a4 axb5 29. axb5 Qb6 30. b3 Nc7 31. f4 Qxb5 32. Qxb5 Nxb5 33.
Kf2 Kg7 34. Ke2 Kf6 35. Kd3 Nc7 36. Kc4 Ne6 37. g3 h5 38. h4 Ke7 39. b4 cxb4
40. Kxb4 f6 41. Kc4 Kd6 42. Kd3 Kd5 43. Kd2 Ke4 44. Ke2 g5 45. hxg5 fxg5 46.
fxg5 Nxg5 47. Kd2 Nf3+ 48. Ke2 d3+ 49. Kf2 f4 50. gxf4 Kxf4 51. Kg2 d2 52. Kf2
d1=Q 53. Kg2 Qg1+ 54. Kh3 Qg3# 0-1

[Event "DVM U14w 2015"]
[Site "Magdeburg GER"]
[Date "2015.12.27"]
[Round "1"]
[White "Fromm, Katja"]
[Black "Glinzner, Alva"]
[Result "1-0"]
[Termination "normal"]
[Board "6.1"]
[WhiteElo "1653"]
[BlackElo "1523"]
[WhiteTeam "Muldental Wilkau-Haßlau"]
[BlackTeam "Lübecker SV von 1873"]
[PlyCount "97"]
[WhiteFideId "12929409"]
[BlackFideId "16206169"]
[EventCountry "GER"]
[EventRounds "7"]
[EventType "team-swiss"]
[EventDate "2015.12.26"]

1. d4 d5 2. c4 e6 3. Nf3 Nf6 4. g3 Be7 5. Bg2 O-O 6. O-O c6 7. b3 Nbd7 8. Bb2
c5 9. cxd5 Nxd5 10. dxc5 Bxc5 11. Nc3 N7f6 12. Rc1 Qe7 13. e3 Rd8 14. Qe2 Bd7
15. Ne5 Be8 16. Rfd1 Nxc3 17. Bxc3 Rxd1+ 18. Rxd1 Bd6 19. Bxb7 Bxe5 20. Bxa8
Bxc3 21. Qc4 Ba5 22. Qc8 g6 23. Bc6 Kg7 24. Bxe8 Qxe8 25. Qb7 Bb6 26. a4 Nd5
27. Kf1 Qf8 28. a5 Bxa5 29. Qxa7 Qb4 30. Qd4+ Kg8 31. Qxb4 Bxb4 32. Rd4 Kf8 33.
e4 Bc3 34. Rc4 Bf6 35. exd5 exd5 36. Rc6 Ke7 37. b4 Be5 38. b5 Kd7 39. Ke2 f5
40. Kd3 g5 41. Rh6 Kc7 42. Rxh7+ Kb6 43. Rd7 d4 44. Rxd4 Bxd4 45. Kxd4 Kxb5 46.
Ke5 Kc6 47. Kxf5 Kd7 48. Kxg5 Ke7 49. f4 1-0

[Event "DVM U14w 2015"]
[Site "Magdeburg GER"]
[Date "2015.12.27"]
[Round "1"]
[White "Mundt, Alexandra"]
[Black "Böhle, Rebecca"]
[Result "0-1"]
[Termination "normal"]
[Board "6.2"]
[WhiteElo "973"]
[BlackElo "1472"]
[WhiteTeam "Lübecker SV von 1873"]
[BlackTeam "Muldental Wilkau-Haßlau"]
[PlyCount "142"]
[WhiteFideId "16217276"]
[BlackFideId "12963933"]
[EventCountry "GER"]
[EventRounds "7"]
[EventType "team-swiss"]
[EventDate "2015.12.26"]

1. e4 e5 2. Nf3 Nc6 3. Bb5 d6 4. d4 Bd7 5. Nc3 f6 6. Be3 a6 7. Bxc6 Bxc6 8. d5
Bd7 9. h3 Ne7 10. Qd3 Ng6 11. O-O Be7 12. Rfe1 O-O 13. Ne2 f5 14. exf5 Bxf5 15.
Qd2 Qd7 16. Ng3 Bxh3 17. Bg5 Bg4 18. Bxe7 Qxe7 19. Ng5 Nf4 20. N5e4 Qf7 21.
Rad1 Bxd1 22. Rxd1 Qg6 23. f3 h5 24. Nf1 h4 25. Nh2 Nh5 26. Ng5 Rf5 27. Ne6 Rc8
28. Kf1 e4 29. Qd4 exf3 30. Nxf3 h3 31. Qg1 hxg2+ 32. Qxg2 Qxg2+ 33. Kxg2 Nf4+
34. Kg3 Nxe6 35. dxe6 Re8 36. Re1 Re7 37. Kg4 Rf6 38. Ng5 g6 39. a4 Kg7 40. b4
Rf5 41. c4 c5 42. b5 axb5 43. axb5 d5 44. cxd5 Rxd5 45. Kf4 b6 46. Re5 Rd4+ 47.
Ke3 Kf6 48. Nf3 Rd6 49. Kf4 Rdxe6 50. Rd5 Re4+ 51. Kg3 Rc7 52. Rd6+ Re6 53. Rd1
c4 54. Rf1 Kg7 55. Rh1 c3 56. Ng5 Ree7 57. Kf4 c2 58. Rc1 Rc4+ 59. Kf3 Kf6 60.
Nh3 Rc3+ 61. Kg2 Rd7 62. Nf2 Kf5 63. Kf1 g5 64. Kg1 g4 65. Rf1 c1=Q 66. Nh1+
Qxf1+ 67. Kxf1 Rd2 68. Ke1 Ra2 69. Nf2 Rc1+ 70. Nd1 g3 71. Kf1 Rxd1# 0-1

[Event "DVM U14w 2015"]
[Site "Magdeburg GER"]
[Date "2015.12.27"]
[Round "1"]
[White "Seeburger, Milena"]
[Black "Berelowitsch, Dana"]
[Result "0-1"]
[Termination "normal"]
[Board "7.1"]
[WhiteElo "1314"]
[BlackElo "1399"]
[WhiteTeam "SC 1948 Ersingen"]
[BlackTeam "SG Solingen"]
[PlyCount "48"]
[WhiteFideId "16217306"]
[BlackFideId "12977144"]
[EventCountry "GER"]
[EventRounds "7"]
[EventType "team-swiss"]
[EventDate "2015.12.26"]

1. e4 e5 2. Nf3 Nf6 3. Nc3 Nc6 4. Bb5 Bb4 5. Bxc6 bxc6 6. O-O d6 7. Re1 O-O 8.
h3 Re8 9. d3 h6 10. Bd2 Be6 11. d4 exd4 12. Nxd4 Bd7 13. Qf3 c5 14. Nb3 Bc6 15.
Nd5 Bxd5 16. exd5 Bxd2 17. Nxd2 Qd7 18. Ne4 Nxe4 19. Rxe4 Rxe4 20. Qxe4 Re8 21.
Qd3 Qe7 22. Kf1 Qe5 23. Qb5 Kf8 24. Rd1 Qh2 0-1

[Event "DVM U14w 2015"]
[Site "Magdeburg GER"]
[Date "2015.12.27"]
[Round "1"]
[White "Kublanov, Carolin"]
[Black "Ruf, Judith"]
[Result "1-0"]
[Termination "normal"]
[Board "7.2"]
[WhiteElo "1607"]
[BlackElo "902"]
[WhiteTeam "SG Solingen"]
[BlackTeam "SC 1948 Ersingen"]
[PlyCount "151"]
[WhiteFideId "12944548"]
[BlackFideId "16217314"]
[EventCountry "GER"]
[EventRounds "7"]
[EventType "team-swiss"]
[EventDate "2015.12.26"]

1. d4 d5 2. Nf3 Bf5 3. e3 Nf6 4. Bd3 e6 5. Bxf5 exf5 6. O-O Bd6 7. Qd3 Qd7 8.
Ne5 Qe6 9. Qb5+ Nbd7 10. f4 Rb8 11. Nc3 O-O 12. Nxd7 Qxd7 13. Qxd7 Nxd7 14.
Nxd5 Rfe8 15. c4 c6 16. Nc3 b6 17. Bd2 Nf6 18. Rad1 a6 19. Bc1 Ne4 20. d5 Nxc3
21. bxc3 c5 22. Rde1 b5 23. cxb5 axb5 24. Rf2 c4 25. Rfe2 Bc5 26. Kf1 Re4 27.
Rb2 Rb6 28. g3 b4 29. cxb4 Bxb4 30. a3 Bc5 31. Rxb6 Bxb6 32. d6 Bd8 33. Re2 c3
34. Rc2 Re6 35. Rxc3 Rxd6 36. Rc8 h6 37. a4 Kh7 38. Ke2 Bb6 39. Bd2 Rd5 40. Rb8
Ba5 41. Bxa5 Rxa5 42. Rb5 Rxa4 43. Rxf5 f6 44. Rd5 Ra2+ 45. Rd2 Ra7 46. e4 Re7
47. Kf3 h5 48. Rd5 Kh6 49. e5 f5 50. Rd6+ Kh7 51. h3 Rc7 52. e6 Rc3+ 53. Ke2
Rc8 54. Rd5 Re8 55. Rxf5 Rxe6+ 56. Kf3 Kh6 57. g4 g6 58. Rf7 hxg4+ 59. hxg4 g5
60. f5 Rb6 61. Re7 Rb4 62. Re6+ Kg7 63. Rg6+ Kf7 64. Rxg5 Kf6 65. Rg6+ Ke5 66.
Re6+ Kd5 67. g5 Rb8 68. g6 Rg8 69. Kf4 Rg7 70. Kg5 Rg8 71. Re7 Kd6 72. f6 Rc8
73. g7 Rg8 74. Kg6 Rxg7+ 75. Kxg7 Kc6 76. f7 1-0

[Event "DVM U14w 2015"]
[Site "Magdeburg GER"]
[Date "2015.12.27"]
[Round "1"]
[White "Wackernagel, Sara"]
[Black "Bashylina, Luisa"]
[Result "0-1"]
[Termination "normal"]
[Board "7.3"]
[WhiteElo "996"]
[BlackElo "1231"]
[WhiteTeam "SC 1948 Ersingen"]
[BlackTeam "SG Solingen"]
[PlyCount "56"]
[WhiteFideId "16217322"]
[BlackFideId "12983292"]
[EventCountry "GER"]
[EventRounds "7"]
[EventType "team-swiss"]
[EventDate "2015.12.26"]

1. e4 e5 2. Nf3 d6 3. Nc3 Be7 4. Bc4 Nf6 5. d3 O-O 6. h3 Be6 7. O-O Bxc4 8.
dxc4 Nc6 9. Bg5 h6 10. Be3 Nh7 11. Qe2 f5 12. Nd5 fxe4 13. Nh2 Nf6 14. Nxf6+
Rxf6 15. Qg4 Qe8 16. Qxe4 Qh5 17. g4 Qxh3 18. Kh1 Raf8 19. Rad1 Rf3 20. Kg1
R3f7 21. f3 Bh4 22. Rd2 Nd8 23. f4 exf4 24. Rf3 Bg3 25. Nf1 fxe3 26. Rxf7 Rxf7
27. Rg2 Bf2+ 28. Rxf2 exf2# 0-1

[Event "DVM U14w 2015"]
[Site "Magdeburg GER"]
[Date "2015.12.27"]
[Round "1"]
[White "Möller, Laura"]
[Black "Georgieva, Kalina"]
[Result "1-0"]
[Termination "normal"]
[Board "7.4"]
[WhiteElo "1696"]
[BlackElo "732"]
[WhiteTeam "SG Solingen"]
[BlackTeam "SC 1948 Ersingen"]
[PlyCount "65"]
[WhiteFideId "12911720"]
[BlackFideId "16217330"]
[EventCountry "GER"]
[EventRounds "7"]
[EventType "team-swiss"]
[EventDate "2015.12.26"]

1. c4 e5 2. Nc3 Nf6 3. g3 Bc5 4. Bg2 Nc6 5. Nf3 d5 6. cxd5 Nxd5 7. e3 Bg4 8. h3
Bh5 9. g4 Bg6 10. d4 e4 11. dxc5 exf3 12. Qxf3 Ndb4 13. O-O Nd3 14. Rd1 Nde5
15. Rxd8+ Rxd8 16. Qg3 Nd3 17. Qxc7 Nce5 18. Bxb7 O-O 19. Nd5 Rd7 20. Qa5 Rxb7
21. b4 Nc6 22. Qa6 Be4 23. Qxc6 Nxb4 24. Qxb7 Nxd5 25. Qxa7 Nc3 26. Bb2 Ne2+
27. Kf1 Bd3 28. Ke1 Rd8 29. c6 Ng1 30. c7 Rc8 31. Qb7 Rxc7 32. Qb8+ Rc8 33.
Qxc8# 1-0

[Event "DVM U14w 2015"]
[Site "Magdeburg GER"]
[Date "2015.12.27"]
[Round "1"]
[White "Rudolph, Eva"]
[Black "Fricke, Edna Marlene"]
[Result "1/2-1/2"]
[Termination "normal"]
[Board "8.1"]
[WhiteElo "1562"]
[BlackElo "1373"]
[WhiteTeam "Düsseldorfer SK 14/25"]
[BlackTeam "Schachunion Berlin"]
[PlyCount "40"]
[WhiteFideId "16200594"]
[BlackFideId "12988839"]
[EventCountry "GER"]
[EventRounds "7"]
[EventType "team-swiss"]
[EventDate "2015.12.26"]

1. e4 c5 2. Nf3 Nc6 3. d4 cxd4 4. Nxd4 g6 5. Be3 Bg7 6. Nc3 Nf6 7. f3 O-O 8.
Qd2 d5 9. Nxc6 bxc6 10. O-O-O e6 11. g4 Qc7 12. Bd3 Rd8 13. Bf4 Qb7 14. Qe1
dxe4 15. fxe4 Nxg4 16. Qh4 Nf6 17. Be5 Qe7 18. Rdf1 Nd5 19. Qg3 Bxe5 20. Qxe5
Nxc3 1/2-1/2

[Event "DVM U14w 2015"]
[Site "Magdeburg GER"]
[Date "2015.12.27"]
[Round "1"]
[White "Kirschner, Elena"]
[Black "Paulweber, Lara Maria"]
[Result "0-1"]
[Termination "normal"]
[Board "8.2"]
[WhiteElo "1089"]
[BlackElo "1404"]
[WhiteTeam "Schachunion Berlin"]
[BlackTeam "Düsseldorfer SK 14/25"]
[PlyCount "80"]
[WhiteFideId "16205804"]
[BlackFideId "12954411"]
[EventCountry "GER"]
[EventRounds "7"]
[EventType "team-swiss"]
[EventDate "2015.12.26"]

1. e4 e6 2. d3 d5 3. Nd2 c5 4. g3 b6 5. Ngf3 Nc6 6. Bg2 d4 7. O-O e5 8. Nc4 Bd6
9. Re1 h6 10. Nfd2 b5 11. Na3 a6 12. Qf3 Nf6 13. c3 Bg4 14. Qxg4 Nxg4 15. Bh3
h5 16. Nf3 Be7 17. Nc2 Nh6 18. Bxh6 Rxh6 19. Rf1 Rg6 20. Nce1 h4 21. Ng2 hxg3
22. fxg3 dxc3 23. bxc3 Qxd3 24. Nfh4 Bxh4 25. Nxh4 Rxg3+ 26. hxg3 Qxg3+ 27. Ng2
Qxh3 28. Rac1 Ke7 29. c4 b4 30. Rcd1 Nd4 31. Rf2 Rh8 32. Rff1 Qg3 33. Rde1 Nf3+
34. Rxf3 Qxf3 35. Re3 Qd1+ 36. Re1 Qd4+ 37. Ne3 Rh3 38. Kf2 Qd2+ 39. Re2 Rh2+
40. Ng2 Rxg2+ 0-1

[Event "DVM U14w 2015"]
[Site "Magdeburg GER"]
[Date "2015.12.27"]
[Round "1"]
[White "Sokolowski, Judith"]
[Black "Kessen, Fanny"]
[Result "1-0"]
[Termination "normal"]
[Board "8.3"]
[WhiteElo "1217"]
[BlackElo "860"]
[WhiteTeam "Düsseldorfer SK 14/25"]
[BlackTeam "Schachunion Berlin"]
[PlyCount "99"]
[WhiteFideId "16200624"]
[EventCountry "GER"]
[EventRounds "7"]
[EventType "team-swiss"]
[EventDate "2015.12.26"]

1. e4 c5 2. Nf3 Nc6 3. d4 cxd4 4. Nxd4 g6 5. Be2 Bg7 6. Nb3 Nf6 7. Nc3 O-O 8.
O-O e6 9. f4 b6 10. e5 Nd5 11. Nxd5 exd5 12. Qxd5 Qh4 13. Be3 Nb4 14. Qxa8 Nxc2
15. Qe4 Nxa1 16. Rxa1 d6 17. exd6 Bxb2 18. Rd1 Qd8 19. Qc2 Bg7 20. Bb5 Bb7 21.
Qc7 Qxc7 22. dxc7 Rc8 23. Rd8+ Bf8 24. Rd7 a6 25. Bxa6 Bxa6 26. Bxb6 Re8 27.
Kf2 Re6 28. Nc5 Bxc5+ 29. Bxc5 Rc6 30. Bd4 Rc2+ 31. Kg3 Kf8 32. Bf6 Re2 33.
Rd8+ Re8 34. Kg4 Bc8+ 35. Kg5 Bb7 36. g3 h5 37. Kh6 Ba6 38. h3 Bb7 39. g4 h4
40. Kg5 Ba6 41. Kxh4 Bc8 42. Kg5 Bb7 43. f5 gxf5 44. Kxf5 Bc8+ 45. Kg5 Ba6 46.
h4 Bb7 47. h5 Bc8 48. h6 Be6 49. h7 Bd7 50. h8=Q# 1-0

[Event "DVM U14w 2015"]
[Site "Magdeburg GER"]
[Date "2015.12.27"]
[Round "1"]
[White "de Veer, Mara"]
[Black "Kogan, Dina Rachel"]
[Result "0-1"]
[Termination "normal"]
[Board "8.4"]
[WhiteElo "758"]
[BlackElo "1200"]
[WhiteTeam "Schachunion Berlin"]
[BlackTeam "Düsseldorfer SK 14/25"]
[PlyCount "94"]
[WhiteFideId "16217349"]
[BlackFideId "16200608"]
[EventCountry "GER"]
[EventRounds "7"]
[EventType "team-swiss"]
[EventDate "2015.12.26"]

1. e4 d5 2. exd5 Qxd5 3. Nc3 Qd6 4. Nf3 a6 5. Bc4 Nf6 6. h3 e6 7. d4 Be7 8. Bg5
O-O 9. Qd3 b5 10. Bb3 Bb7 11. O-O-O b4 12. Na4 Ne4 13. Be3 Nd7 14. Nd2 Nxd2 15.
Bxd2 Nf6 16. Rhg1 h6 17. g4 Ne4 18. Be3 Bg5 19. Kb1 Bxe3 20. Qxe3 Rad8 21. f3
Ng5 22. f4 Nf3 23. Rh1 Nd2+ 24. Qxd2 Bxh1 25. Rxh1 Qxd4 26. Qxd4 Rxd4 27. g5
Rfd8 28. c3 bxc3 29. bxc3 Rxf4 30. gxh6 gxh6 31. Rg1+ Kf8 32. Nc5 Rd6 33. Rd1
Rxd1+ 34. Bxd1 Rf1 35. Kc1 a5 36. Kd2 Rf2+ 37. Be2 Rh2 38. Nb3 a4 39. Nd4 Rxh3
40. Bf3 Rh2+ 41. Kd3 Rxa2 42. Kc4 Rb2 43. Bc6 a3 44. Nb3 a2 45. Kb4 Rxb3+ 46.
Kxb3 a1=Q 47. Kc4 Qa6+ 0-1

[Event "DVM U14w 2015"]
[Site "Magdeburg GER"]
[Date "2015.12.27"]
[Round "1"]
[White "Suhr, Saskia"]
[Black "Walow, Xenia"]
[Result "0-1"]
[Termination "normal"]
[Board "9.1"]
[WhiteElo "1374"]
[BlackElo "1532"]
[WhiteTeam "SC Borussia 1920 Friedrichsfelde"]
[BlackTeam "SK Blauer Springer Paderborn 1926"]
[PlyCount "50"]
[WhiteFideId "16208803"]
[BlackFideId "12971839"]
[EventCountry "GER"]
[EventRounds "7"]
[EventType "team-swiss"]
[EventDate "2015.12.26"]

1. d4 d5 2. e3 Bf5 3. Nf3 Nf6 4. Bb5+ c6 5. Ba4 e6 6. Nbd2 Nbd7 7. O-O Bd6 8.
c4 Ne4 9. cxd5 exd5 10. Bc2 Qe7 11. Nxe4 Bxe4 12. Re1 h5 13. Bd2 g5 14. Re2 g4
15. Ne1 Qg5 16. Bxe4 dxe4 17. Qb3 Rb8 18. Nc2 h4 19. Be1 g3 20. h3 gxf2+ 21.
Bxf2 Qh5 22. Rd2 Rg8 23. d5 Qf3 24. Bxh4 Qxh3 25. Kf1 Qxh4 0-1

[Event "DVM U14w 2015"]
[Site "Magdeburg GER"]
[Date "2015.12.27"]
[Round "1"]
[White "Möller, Lisa-Marie"]
[Black "Oschlies, Tami"]
[Result "1-0"]
[Termination "normal"]
[Board "9.2"]
[WhiteElo "1486"]
[BlackElo "958"]
[WhiteTeam "SK Blauer Springer Paderborn 1926"]
[BlackTeam "SC Borussia 1920 Friedrichsfelde"]
[PlyCount "57"]
[WhiteFideId "12959367"]
[BlackFideId "16217365"]
[EventCountry "GER"]
[EventRounds "7"]
[EventType "team-swiss"]
[EventDate "2015.12.26"]

1. e4 c5 2. Nf3 Nc6 3. Bb5 a6 4. Bxc6 bxc6 5. O-O Nf6 6. Re1 d6 7. e5 dxe5 8.
Nxe5 Qc7 9. d3 g6 10. Qf3 Bd7 11. Nxd7 Nxd7 12. Bg5 Ne5 13. Qe4 Bg7 14. Bf4 f6
15. Nd2 f5 16. Bxe5 fxe4 17. Bxc7 Bxb2 18. Rab1 Bc3 19. Re2 Kd7 20. Nxe4 Bd4
21. Bf4 Rhf8 22. Be3 Bxe3 23. Rxe3 Rf5 24. Rb7+ Ke8 25. Nd6+ Kf8 26. Nxf5 gxf5
27. Rexe7 h5 28. Rh7 Re8 29. Rh8# 1-0

[Event "DVM U14w 2015"]
[Site "Magdeburg GER"]
[Date "2015.12.27"]
[Round "1"]
[White "Buschek, Paula"]
[Black "Kesselmeier, Olivia"]
[Result "0-1"]
[Termination "normal"]
[Board "9.3"]
[WhiteElo "794"]
[BlackElo "1078"]
[WhiteTeam "SC Borussia 1920 Friedrichsfelde"]
[BlackTeam "SK Blauer Springer Paderborn 1926"]
[PlyCount "56"]
[WhiteFideId "16217373"]
[BlackFideId "16211472"]
[EventCountry "GER"]
[EventRounds "7"]
[EventType "team-swiss"]
[EventDate "2015.12.26"]

1. d4 d5 2. Nf3 Nf6 3. e3 Nc6 4. Bd3 e6 5. Nbd2 Bd6 6. O-O O-O 7. c3 g6 8. e4
dxe4 9. Nxe4 Nxe4 10. Bxe4 e5 11. d5 Ne7 12. b4 b5 13. Bg5 f6 14. Bh6 Re8 15.
a4 bxa4 16. Rxa4 Bf5 17. Bxf5 Nxf5 18. Be3 Qd7 19. Bxa7 c5 20. Qa1 Re7 21. bxc5
Rxa7 22. c6 Qc7 23. Qd1 Rxa4 24. Qxa4 Qa7 25. Qb3 Qc5 26. c4 Re8 27. Ra1 Rb8
28. Qa3 Qxa3 0-1

[Event "DVM U14w 2015"]
[Site "Magdeburg GER"]
[Date "2015.12.27"]
[Round "1"]
[White "Rust, Emily"]
[Black "Ludwig, Lea"]
[Result "1-0"]
[Termination "normal"]
[Board "9.4"]
[WhiteElo "910"]
[BlackElo "754"]
[WhiteTeam "SK Blauer Springer Paderborn 1926"]
[BlackTeam "SC Borussia 1920 Friedrichsfelde"]
[PlyCount "111"]
[WhiteFideId "16211499"]
[BlackFideId "16217381"]
[EventCountry "GER"]
[EventRounds "7"]
[EventType "team-swiss"]
[EventDate "2015.12.26"]

1. d4 c5 2. c3 e6 3. Nf3 Nf6 4. Bf4 Nc6 5. e3 Be7 6. Bd3 O-O 7. Nbd2 d5 8. Bb5
Bd7 9. Ne5 Qb6 10. Nxd7 Nxd7 11. Bxc6 Qxc6 12. Qc2 Nf6 13. Nf3 Ne4 14. O-O-O h6
15. Rde1 c4 16. Ne5 Qb5 17. a4 Qb3 18. Qxb3 cxb3 19. Nd7 Rfd8 20. f3 Rxd7 21.
fxe4 dxe4 22. g4 Bh4 23. Bg3 Bxg3 24. hxg3 a6 25. Rh2 b5 26. Reh1 f6 27. a5 Rc7
28. Rh5 b4 29. Rc5 Rxc5 30. dxc5 bxc3 31. bxc3 Rb8 32. Rd1 b2+ 33. Kb1 Rb5 34.
Rd8+ Kh7 35. c6 Rxa5 36. Kxb2 Rc5 37. Rc8 a5 38. c7 g5 39. Kb3 Kg6 40. Ka4 h5
41. Rg8+ Kh7 42. c8=Q Rxc8 43. Rxc8 hxg4 44. Kxa5 e5 45. c4 f5 46. c5 f4 47.
Rc7+ Kg6 48. c6 f3 49. Rd7 f2 50. Rd6+ Kf5 51. Rd1 Ke6 52. c7 Kf6 53. c8=Q Kg6
54. Qe6+ Kg7 55. Rd7+ Kf8 56. Qf7# 1-0

[Event "DVM U14w 2015"]
[Site "Magdeburg GER"]
[Date "2015.12.27"]
[Round "1"]
[White "Oswald, Lena"]
[Black "Stas, Antonia"]
[Result "1-0"]
[Termination "normal"]
[Board "10.1"]
[WhiteElo "1554"]
[BlackElo "920"]
[WhiteTeam "SG Leipzig"]
[BlackTeam "Hamburger SK von 1830"]
[PlyCount "103"]
[WhiteFideId "12983314"]
[BlackFideId "16217403"]
[EventCountry "GER"]
[EventRounds "7"]
[EventType "team-swiss"]
[EventDate "2015.12.26"]

1. e4 e5 2. Nf3 Nc6 3. Bc4 Bc5 4. d3 Nf6 5. Bg5 d6 6. Nc3 Be6 7. Bb3 h6 8. Be3
b6 9. h3 d5 10. exd5 Bxd5 11. Ba4 O-O 12. Qd2 Bd4 13. Nxd5 Qxd5 14. Bb3 Qc5 15.
Rb1 Rad8 16. O-O Bxe3 17. Qxe3 Nd4 18. Nxd4 exd4 19. Qf3 Rfe8 20. Rfe1 Qb4 21.
Re2 Rxe2 22. Qxe2 Re8 23. Qf3 Re1+ 24. Rxe1 Qxe1+ 25. Kh2 Qe5+ 26. Qg3 Qxg3+
27. Kxg3 b5 28. a4 bxa4 29. Bxa4 Nd5 30. Bb3 Nb4 31. Kf3 a5 32. Ke4 Nc6 33. Ba4
Ne7 34. Kxd4 f5 35. Ke5 g6 36. Ke6 Kf8 37. Bb3 Nc6 38. Kd7 Nd4 39. Kxc7 Nxb3
40. cxb3 Ke7 41. d4 Ke6 42. Kc6 h5 43. d5+ Ke7 44. Kc7 g5 45. d6+ Ke6 46. d7 g4
47. hxg4 hxg4 48. d8=Q Ke5 49. Qd6+ Ke4 50. Qg3 Kd4 51. Kc6 a4 52. Qe3# 1-0

[Event "DVM U14w 2015"]
[Site "Magdeburg GER"]
[Date "2015.12.27"]
[Round "1"]
[White "Müller-Glewe, Franka"]
[Black "Fischer, Laura"]
[Result "0-1"]
[Termination "normal"]
[Board "10.2"]
[WhiteElo "899"]
[BlackElo "1214"]
[WhiteTeam "Hamburger SK von 1830"]
[BlackTeam "SG Leipzig"]
[PlyCount "56"]
[WhiteFideId "16207181"]
[BlackFideId "16208935"]
[EventCountry "GER"]
[EventRounds "7"]
[EventType "team-swiss"]
[EventDate "2015.12.26"]

1. e4 e5 2. Nf3 Nc6 3. Nc3 Nf6 4. Bc4 Bc5 5. O-O d6 6. h3 O-O 7. d3 h6 8. Be3
Bb6 9. d4 a6 10. d5 Bxe3 11. fxe3 Ne7 12. a3 b5 13. Be2 Bb7 14. b4 c6 15. Nh4
cxd5 16. exd5 Nexd5 17. Nxd5 Nxd5 18. Qd3 Qxh4 19. e4 Nf6 20. g4 Bxe4 21. Qe3
Bxc2 22. Bf3 Qg3+ 23. Kh1 Qxh3+ 24. Kg1 Nxg4 25. Qd2 Bd3 26. Bxa8 Bxf1 27. Rxf1
Rxa8 28. Qe2 Qe3+ 0-1